Report on the working of the plantations labour act, 1951 in the state of Madras (Record no. 495376)

000 -LEADER
fixed length control field 00487cam a22001217a 4500
008 - FIXED-LENGTH DATA ELEMENTS--GENERAL INFORMATION
fixed length control field 180718b xxu||||| |||| 00| 0 eng d
082 ## - DEWEY DECIMAL CLASSIFICATION NUMBER
Classification number R6o3x5452 PL
245 ## - TITLE STATEMENT
Title Report on the working of the plantations labour act, 1951 in the state of Madras
Statement of responsibility, etc. by Department of Industries, Labour and Co-operation
260 ## - PUBLICATION, DISTRIBUTION, ETC.
Place of publication, distribution, etc. Madras
Name of publisher, distributor, etc. Government of Madras
Date of publication, distribution, etc.
300 ## - PHYSICAL DESCRIPTION
Extent 34p
500 ## - GENERAL NOTE
General note Contents: Library has 1966, 1959, 1968, 1967
700 ## - ADDED ENTRY--PERSONAL NAME
Personal name Chennai Department of Industries, Labour and Co-operation
Holdings
Withdrawn status Lost status Damaged status Not for loan Permanent Location Current Location Date acquired Full call number Barcode Date last seen Price effective from Koha item type
        Indian Institute of Public Administration Indian Institute of Public Administration 2018-08-04 R6o3x5452 PL GG31949 2018-08-04 2018-08-04 GG
        Indian Institute of Public Administration Indian Institute of Public Administration 2018-08-04 R6o3x5452 PL GG12620 2018-08-04 2018-08-04 GG
        Indian Institute of Public Administration Indian Institute of Public Administration 2018-08-04 R6o3x5452 PL GG12442 2018-08-04 2018-08-04 GG
        Indian Institute of Public Administration Indian Institute of Public Administration 2018-08-04 R6o3x5452 PL GG9703 2018-08-04 2018-08-04 GG

Powered by Koha